000 00717nam a22001937a 4500
003 OSt
005 20240919132744.0
008 240919b ||||| |||| 00| 0 eng d
040 _cAIMIT LIBRARY
100 _aShetty, Vinay U.
_e2216231
_9179517
245 _aImpact of capital structure on profitability of janatha fish meal and oil products /
_cBy Vinay U Shetty ; Guided by Harinakshi.
260 _aUdupi ;
_c2024.
650 _aIndustry profile company profile and introduction to the study
_9179518
650 _aResearch methodology
_9179519
650 _aData analysis and interpretation
_9179520
700 _aHarinakshi
_eGuide
_9179521
856 _3Janatha Fish Meal and oil products
942 _2ddc
_cPRO
999 _c231840
_d231840